Mushroom cultivation : (Record no. 131847)

MARC details
000 -LEADER
fixed length control field 00746nam a22002417a 4500
005 - DATE AND TIME OF LATEST TRANSACTION
control field 20170124110144.0
010 ## - LIBRARY OF CONGRESS CONTROL NUMBER
LC control number A-353618
020 ## - INTERNATIONAL STANDARD BOOK NUMBER
Terms of availability 00.00
International Standard Book Number 8170990815
035 ## - SYSTEM CONTROL NUMBER
System control number A-353618
037 ## - SOURCE OF ACQUISITION
Source of stock number/acquisition Cen Lib/Ret
040 ## - CATALOGING SOURCE
Original cataloging agency DPL
Language of cataloging EN
082 ## - DEWEY DECIMAL CLASSIFICATION NUMBER
Classification number 635.8
Item number TEW
100 ## - MAIN ENTRY--PERSONAL NAME
Personal name Tewari, S.C.
9 (RLIN) 32982
245 ## - TITLE STATEMENT
Title Mushroom cultivation :
Statement of responsibility, etc by S.C. Tewari [and] Pankaj Kapoor
Remainder of title an economic analysis /
260 ## - PUBLICATION, DISTRIBUTION, ETC. (IMPRINT)
Place of publication, distribution, etc Delhi
Name of publisher, distributor, etc Mittal publications
Date of publication, distribution, etc 1988
270 ## - ADDRESS
City Delhi
Address 4528/12, Jai mata market
Postal code 110035
300 ## - PHYSICAL DESCRIPTION
Extent xiv,128p.
Dimensions 19cm(Hb)
500 ## - GENERAL NOTE
General note Includes appendix and index
650 ## - SUBJECT ADDED ENTRY--TOPICAL TERM
Topical term or geographic name as entry element Agriculture
9 (RLIN) 15548
650 ## - SUBJECT ADDED ENTRY--TOPICAL TERM
Topical term or geographic name as entry element Mushroom culture
9 (RLIN) 32983
700 ## - ADDED ENTRY--PERSONAL NAME
Personal name Kapoor, Pankaj
9 (RLIN) 32984
942 ## - ADDED ENTRY ELEMENTS (KOHA)
Source of classification or shelving scheme Dewey Decimal Classification
Koha item type English Books
Classification part 635.8
Call number suffix TEW
Holdings
Withdrawn status Lost status Damaged status Not for loan Home library Current library Date acquired Source of acquisition Cost, normal purchase price Total Checkouts Full call number Barcode Date last seen Copy number Cost, replacement price Price effective from Koha item type Public note
Written off       Central Library Central Library 16/07/2015 Cen Lib/Ret 0.00   635.8 TEW A-353618 16/07/2015 1 0.00 16/07/2015 English Books W/d List No. 6848/15 : dtd 14/7/20

© Delhi Public Library
Hit Counter
free hit counter